Statistiques concernant Musiques rap fr

Cliquez ici pour prendre le quiz!

Statistiques générales

  • Ce quiz a été pris 576 fois
  • Le résultat moyen est 9 sur 29

Statistiques - réponses

AnnéeMusiqueRappeur% Correct
2018Ramenez la coupe à la maisonVegedream
81%
2013J’me tireGims
75%
2020CabezaOboy
63%
1997Petit frèreIAM
62%
2023LaboratoireWerenoi
59%
2014Anti BDHJul
51%
2022AnunnakiVald
47%
2003DJDiams
40%
1996Viens voir le docteurDoc gynéco
40%
2017MobaliSiboy
36%
2021Mauvais oeil !Menace santana
35%
2008TestamentRohff
29%
2000CiviliséLunatic
24%
2009Lettre à mon publicKery james
22%
2011La colombe et le corbeauSoprano
21%
1995La fièvreSuprême NTM
21%
201264 mesures de spleenJazzy bazz
17%
2010A chaque jour suffit sa peineNessbeal
15%
2004Toucher l’horizonOxmo puccino
15%
2001Mauvais filsSniper
15%
2002Le son des banditsPsy4 de la rime
13%
2007Je réaliseSinik
12%
200593 hardcoreTandem
12%
2015MajestéLomepal
11%
2016Bende mafiaPanama bende
11%
2019Château de VersaillesLefa
7%
1998J’fais mon job à plein tempsBusta flex
5%
2006Je me barreKeny arkana
5%
1999Si loin de toiPit baccardi
4%

Distribution des résultats

Percentile par nombre de réponses

% des personnes avec chaque résultat

Votre développement - résultats

Vous n’avez pas pris ce quiz